| 000 | 01518nam a2200313Ia 4500 | ||
|---|---|---|---|
| 003 | OSt | ||
| 005 | 20200909143103.0 | ||
| 008 | 191128s2010 mx ad gr 001 0dspa d | ||
| 020 | _a9788437506500 | ||
| 040 |
_aCO-JMCR _cCO-JMCR |
||
| 041 | 1 |
_aspa _heng |
|
| 082 | 0 | 4 |
_a363.73 / _bL265h _223 |
| 100 | 1 |
_aLeonard, Annie, _eautora _910051 |
|
| 245 | 1 | 3 |
_aLa historia de las cosas : _bde cómo nuestra obsesión por las cosas está destruyendo el planeta, nuestras comunidades y nuestra salud, y una visión del cambio / _cAnnie Leonard con Ariane Conrad ; traducción de Lilia Mosconi |
| 250 | _aPrimera edición | ||
| 260 |
_aMexico ; Bogotá : _bFondo de Cultura Económica, _c2010 |
||
| 300 |
_a390 páginas : _bilustraciones y gráficos a blanco y negro ; _c24 cm. |
||
| 490 | 0 | _aTezontle | |
| 500 | _aIncluye datos biográficos del autor en solapa frontal e índice de nombres y conceptos. | ||
| 500 | _aTítulo original: The history of stuff. How our obsession with stuff is trashing the planet, our communities, and our healt - and a vision for change | ||
| 505 | 0 | _aClave de los gráficos recurrentes -- Una palabra sobre las palabras -- Extracción -- Producción -- Distribución -- Consumo -- Desecho | |
| 546 | _aTraducido del inglés | ||
| 650 | 1 | 4 |
_aConsumismo _xaspectos sociales _910052 |
| 650 | 1 | 4 |
_aAspectos éticos morales _910053 |
| 650 | 1 | 4 |
_aPolítica ambiental _910054 |
| 700 | 1 |
_aConrad, Ariane, _eautora _910055 |
|
| 700 | 1 |
_aMosconi, Lilia, _etraductora _910056 |
|
| 942 |
_2ddc _cBK |
||
| 999 |
_c5949 _d5949 |
||